000 00774nam a22001937a 4500
999 _c18037
_d18037
003 AR-CdUCM
008 190511b ||||| |||| 00| 0 spa d
040 _aMUNICIPALIDAD PROVINCIAL DEL CUSCO
_cBIBLIOTECA MUNICIPAL DEL CUSCO
082 _a621.3 /
_bG78
100 _aGray, Alexander.
_938377
245 _aElectrotecnia :
_bFundamentos teóricos y aplicaciones practicas /
260 _aMadrid :
_bAguilar,
_c1958.
300 _a720 páginas ;
_c21 cm.
505 _aContenido :Materia y electricidad -- Magnetismo e imanes -- Propiedades magnéticas de una corriente eléctrica -- Fuerza electromotriz -- Circuitos eléctricos y resistencia ...
650 _aElectricidad.
_915840
700 _aWallace, G. A.
_938378
942 _2ddc
_cLIBROS
945 _arum
_d2019-05-11